000 00608nam a2200217Ia 4500
003 OSt
005 20260527155128.0
008 210210b1996 xxu||||| |||| 00| 0 eng d
020 _a81 7302 260 7
040 _cAL
041 _aKannada
082 _a500K BALS
100 _aBALA PHONKE.
_dಬಾಳ ಪೋ೦ಡ್ಕೆ
_9264779
245 _aShariravo ranarangavo?
_bಶರೀರವೋ ರಣರಂಗವೋ
260 _aBengaluru
_bNavakarnataka Prakashana
_c1996
300 _a80
650 _aBody resistence
_9264780
690 _aPure Sciences
_9264781
906 _a051494
942 _2ddc
_cBK
999 _c100118
_d100118